000 00430nam a2200157 i 4500
001 42255
003 ES-MaACL
005 20230906160557.0
007 t|
008 030313s1969 sp ||||1| spa d
100 1 _aCastillo, José M.
_936698
245 1 0 _aOración y existencia cristiana /
_cJosé M. Castillo.
260 _aSalamanca :
_bSígueme,
_c1969.
300 _a242 p. ;
_c19 cm.
852 _aES-MaACL
_jC-51634
_bR.72232
999 _c42255
_d42255